00673nam a22002057a 450000500170000001000130001702000210003003500130005103700160006404000120008008200180009211000380011024500770014826000360022527000780026130000230033950000190036265000410038165000450042220170124110252.0 aA-707048 c00.00a817154786 aA-707048 bCen Lib/Ret aDPLbEN a616.9803bEAR aBombay. World Health Organization aEarly detection of occupational diseases /bby World Health Organisation aBombaybPopular Prakashanc1993 a35 C Tardeo Road , Popular Press Building, Opp. 'Roche' bBombaye400034 ax,272p. c21cm(Hb) aIncludes index aOccupational diseases -- Diagnosis.  aMaladies professionnelles -- Diagnostic.